000 00895nam a22002417a 4500
999 _c11146
_d11146
003 AR-CdUCM
008 190403b ||||| |||| 00| 0 spa d
040 _aMUNICIPALIDAD PROVINCIAL DEL CUSCO
_cBIBLIOTECA MUNICIPAL DEL CUSCO
082 _a869.56 /
_bR33R / 1941
100 _aRecavarren de Zizold, Catalina
_928342
245 _aLa ronda en el patio redondo :
_bCantos, fábulas, cuentos de gesta /
260 _aLima :
_bImpresiones y Publicidad Enrique Bustamante y Ballivián,
_c1941.
300 _bilustraciones,
_c15 cm.
500 _aTexto sin numeración de páginas.
505 _aContenido: Cantos -- Fabulas -- Cuentos.
650 _aCuentos infantiles Peruanos
_93914
650 _aSigo XX
_916363
650 _aLiteratura
_983
650 _aPoesías Peruanas
_914867
710 _aMinisterio de Educación Pública (auspicio)
_928343
942 _2ddc
_cLIBROS
945 _aachl